000 00914nam a22002897a 4500
001 7175
003 FISKH
005 20250701133528.0
008 250701b cb ||||| |||| 00| 0 eng d
020 _a9780140364514
040 _aFISKH
_beng
_cFISKH
_dFISKH
050 _a PZ7.N8248 B
082 _a823.914
100 _aNorton, Mary
_d(1903–1992)
245 _aThe borrowers /
_cMary Norton ; Illustrated by Sian Bailey
250 _aThis edition first published in 1952
260 _aLondon :
_bPuffin,
_c1952
300 _a241 pages :
_c20 cm
505 _aR
520 _aMiniature people who live in an old country house by borrowing things from the humans are forced to emigrate from their home under the clock.
521 8 _a780
_bLexile
521 8 _aR
_bRaz-Plus
650 _2Carnegie Medal
_aFantasy
650 _2Borrowers
_aLittle people
942 _2ddc
_cBK
_n0
999 _c7175
_d7175